| 000 | 01348cam a22003737a 4500 | ||
|---|---|---|---|
| 003 | CHAP | ||
| 005 | 20220817041317.0 | ||
| 008 | 971013s1978 mx a r 00010 spa d | ||
| 010 | _a10975 | ||
| 011 | _a11947 | ||
| 035 | _a12969 | ||
| 040 | _cCHAP | ||
| 082 |
_a338.9 _bM32 |
||
| 100 | 0 | 0 |
_aMarroquín, Alejandro. _971569 |
| 245 | 1 | 3 |
_aLa ciudad mercado (Tlaxiaco) _c/por Alejandro Marroquín |
| 260 |
_aMéxico, D. F. : _bInstituto Nacional Indigenista, _c1978 |
||
| 300 | _a239 p. | ||
| 490 | 0 |
_aClásicos de la antropología mexicana _v; 4 |
|
| 590 |
_aBATCH-UPD _b10 _c20130110 _lUCH01 _h0124 |
||
| 590 |
_aBATCH-UPD _b10 _c20130110 _lUCH01 _h0858 |
||
| 590 |
_aBATCH-UPD _b10 _c20130409 _lUCH01 _h2119 |
||
| 590 |
_aBATCH-UPD _b10 _c20130410 _lUCH01 _h0528 |
||
| 590 |
_aBATCH-UPD _b10 _c20130914 _lUCH01 _h0950 |
||
| 590 |
_aCONVERSION _b10 _c20130109 _lUCH01 _h1307 |
||
| 650 | 1 | 4 |
_aMercados _xOaxaca. _974933 |
| 650 | 1 | 4 |
_aOaxaca _xCondiciones económicas. _982476 |
| 650 | 1 | 4 |
_aOaxaca _xCondiciones sociales. _982478 |
| 710 | 0 | _aUniversidad Nacional Autónoma de México. | |
| 830 | 0 |
_aClásicos de la antropología mexicana _v; 4 _923884 |
|
| 901 | _aBK | ||
| 942 | _cLIBRO | ||
| 949 |
_a338.9 M32 _bBC _cLIBRO _d33724000422010 _eLIBRO _h35381 _i12969 _si |
||
| 949 |
_a338.9 M32 _bBC _cLIBRO _d33724002255751 _eLIBRO _fc.2 _gDonaciØn _h115194 _i12969 _sb |
||
| 999 |
_c10975 _d10975 |
||